Intézmény és ideológia
Elmentve itt :
| Szerző: | |
|---|---|
| Adatforrás: | Meister |
| Forrásdokumentuma: | Korunk. - 4 sz., 1993, 37-42 p. |
| Nyelv: | magyar |
| Kulcsszavak: | scientológia ideológia & társadalomtudomány társadalomtudomány természettudomány & társadalomtudomány kriticizmus pozitivizmus tudományos intézmény igazság ideológia tudomány GAREAU F.H. GADAMER Hans-Georg HABERMAS Jürgen ALBERT Hans |
| LEADER | 00762nab a2200277 i 4500 | ||
|---|---|---|---|
| 001 | bibPRO00002422 | ||
| 008 | 060524s1993 xx hun | ||
| 040 | |a Sz1 | ||
| 041 | |a hun | ||
| 100 | 1 | |a KÓS Ágnes | |
| 245 | 1 | 0 | |a Intézmény és ideológia |c KÓS Ágnes |
| 695 | |a scientológia | ||
| 695 | |a ideológia & társadalomtudomány | ||
| 695 | |a társadalomtudomány | ||
| 695 | |a természettudomány & társadalomtudomány | ||
| 695 | |a kriticizmus | ||
| 695 | |a pozitivizmus | ||
| 695 | |a tudományos intézmény | ||
| 695 | |a igazság | ||
| 695 | |a ideológia | ||
| 695 | |a tudomány | ||
| 695 | |a GAREAU F.H. | ||
| 695 | |a GADAMER Hans-Georg | ||
| 695 | |a HABERMAS Jürgen | ||
| 695 | |a ALBERT Hans | ||
| 773 | 0 | |t Korunk. - |g 4 sz., 1993, 37-42 p. | |